Highest Grossing Movies (1998) Quiz Stats

 Plays Quiz Updated Nov 4, 2017

Challenge
Share
Tweet
Score 0/30 Timer 08:00
1 Play Today
% Correct
Saving Private Ryan
97.9%
A Bug's Life
95%
Mulan
90.6%
Antz
89.3%
The Rugrats Movie
89.3%
Armageddon
87.4%
Rush Hour
85.4%
The Waterboy
84.7%
The X-Files
82.9%
Godzilla
82.5%
Doctor Dolittle
81.5%
There's Something About Mary
80.6%
You've Got Mail
78.1%
Shakespeare in Love
77.7%
Blade
77%
% Correct
Lethal Weapon 4
76.5%
Patch Adams
75.7%
The Wedding Singer
75.3%
The Truman Show
75.1%
The Mask of Zorro
70.5%
The Prince of Egypt
54.4%
Enemy of the State
51%
Lost in Space
43.8%
Everest (IMAX)
41.7%
The Horse Whisperer
41.5%
Stepmom
41.4%
Six Days, Seven Nights
40.4%
City of Angels
40.3%
Star Trek: Insurrection
36.7%
Deep Impact
29.1%

You're not logged in!

Compare scores with friends on all Sporcle quizzes.
OR
Log In

You Might Also Like...

Show Comments

Extras

Top Quizzes Today


Score Distribution

Your Account Isn't Verified!

In order to create a playlist on Sporcle, you need to verify the email address you used during registration. Go to your Sporcle Settings to finish the process.

Report this User

Report this user for behavior that violates our Community Guidelines.

Details: